00245nam a2200109 a 4500008004100000050001700041100002000058245002700078250001200105260000900117350000900126120416s1979 xx |||||||||||||| || u aHB 171.5 Mac aMacDonald, A. H14aThe world of economics a2nd ed. c1979 a0.00